| Tag |
First Indicator |
Second Indicator |
Subfields |
| LEADER |
00000cgm a2200000 i 4500 |
| 001 |
in00005584413 |
| 006 |
m o c |
| 007 |
cr |n||||||||a |
| 007 |
vz |za|z| |
| 008 |
160817s2010 cau002 e o vueng d |
| 005 |
20241201232911.6 |
| 035 |
|
|
|a (OCoLC)ocn957519970
|
| 040 |
|
|
|a ALSTP
|b eng
|e rda
|e pn
|c ALSTP
|d OCLCO
|d OCLCF
|d OCLCQ
|d OCLCO
|d CAUOI
|d WYU
|d UPM
|d OCLCO
|d OCLCA
|d OCLCO
|d OCLCL
|d NUI
|d OCLCQ
|
| 019 |
|
|
|a 1430844062
|a 1443972293
|
| 035 |
|
|
|a (OCoLC)957519970
|z (OCoLC)1430844062
|z (OCoLC)1443972293
|
| 043 |
|
|
|a n-us---
|
| 049 |
|
|
|a TXAM
|
| 245 |
0 |
0 |
|a HIPAA for Healthcare Workers.
|p The Privacy Rule.
|p Changes To Facilities /
|c [produced by MedCom, Inc.].
|
| 264 |
|
1 |
|a [Cypress, California] :
|b Medcom,
|c [2010]
|
| 300 |
|
|
|a 1 online resource (2 min.)
|
| 306 |
|
|
|a 000140
|
| 336 |
|
|
|a two-dimensional moving image
|b tdi
|2 rdacontent
|
| 337 |
|
|
|a video
|b v
|2 rdamedia
|
| 337 |
|
|
|a computer
|b c
|2 rdamedia
|
| 338 |
|
|
|a other
|b vz
|2 rdacarrier
|
| 338 |
|
|
|a online resource
|b cr
|2 rdacarrier
|
| 344 |
|
|
|a digital
|2 rda
|
| 347 |
|
|
|a data file
|2 rda
|
| 380 |
|
|
|a Videorecording
|
| 490 |
0 |
|
|a Academic Video Online
|
| 500 |
|
|
|a Title from resource description page (viewed August 18, 2016).
|
| 520 |
|
|
|a This instructional video, from the HIPAA for Healthcare Workers series produced by MedCom, Inc., is about the changes in health care facilities that are being made to comply with HIPAA privacy requirements.
|
| 546 |
|
|
|a In English.
|
| 610 |
1 |
0 |
|a United States.
|t Health Insurance Portability and Accountability Act of 1996.
|
| 630 |
0 |
7 |
|a Health Insurance Portability and Accountability Act of 1996 (United States)
|2 fast
|0 (OCoLC)fst01386851
|
| 650 |
|
0 |
|a Data protection
|x Law and legislation
|z United States.
|
| 650 |
|
0 |
|a Medical records
|x Access control
|z United States.
|
| 650 |
|
0 |
|a Medical records
|x Law and legislation
|z United States.
|
| 650 |
|
6 |
|a Dossiers médicaux
|x Accès
|x Contrôle
|z États-Unis.
|
| 650 |
|
7 |
|a Data protection
|x Law and legislation.
|2 fast
|0 (OCoLC)fst00887963
|
| 650 |
|
7 |
|a Medical records
|x Access control.
|2 fast
|0 (OCoLC)fst01014549
|
| 650 |
|
7 |
|a Medical records
|x Law and legislation.
|2 fast
|0 (OCoLC)fst01014561
|
| 651 |
|
7 |
|a United States.
|2 fast
|0 (OCoLC)fst01204155
|1 https://id.oclc.org/worldcat/entity/E39PBJtxgQXMWqmjMjjwXRHgrq
|
| 655 |
|
7 |
|a Educational films.
|2 fast
|0 (OCoLC)fst01726235
|
| 655 |
|
7 |
|a Film excerpts.
|2 fast
|0 (OCoLC)fst01726130
|
| 655 |
|
7 |
|a Educational films.
|2 lcgft
|
| 655 |
|
7 |
|a Film excerpts.
|2 lcgft
|
| 655 |
|
7 |
|a Films éducatifs.
|2 rvmgf
|
| 710 |
2 |
|
|a Medcom, inc.,
|e production company.
|
| 856 |
4 |
0 |
|u http://proxy.library.tamu.edu/login?url=https://www.aspresolver.com/aspresolver.asp?MARC;3241083
|z Connect to this streaming video (Alexander Street Press)
|t 0
|
| 955 |
|
|
|a Alexander Street Press subscription streaming video
|
| 994 |
|
|
|a 92
|b TXA
|
| 999 |
f |
f |
|s 97c426f6-1a1a-400f-9b3b-b32c945d0062
|i 84d5453a-c72f-40a6-aba5-e745380ad7f1
|t 0
|
| 952 |
f |
f |
|a Texas A&M University
|b College Station
|c Electronic Resources
|d Available Online
|t 0
|h Library of Congress classification
|
| 998 |
f |
f |
|t 0
|l Available Online
|